000
00318nam a22001337a 4500
008
181029b xxu||||| |||| 00| 0 eng d
020
_a
9780136218715
041
_a
eng
080
_a
339.138
100
_a
61
101
_a
MAR
245
_a
Sports Marketing A Syrategic Perspective
_c
Shank.M.D
942
_2
udc
_c
BK
999
_c
50954
_d
50954